Apuntes para la iconografía del Libertador

Guardat en:
Dades bibliogràfiques
Autor principal: Sánchez, Manuel Segundo (Autor)
Format: Llibre
Idioma:espanyol
Publicat: Caracas Litografía del Comercio 1916
Edició:1a. ed
Matèries:
Etiquetes: Afegir etiqueta
Sense etiquetes, Sigues el primer a etiquetar aquest registre!

MARC

LEADER 00000nam a2200000 a 4500
001 UCJ4259
003 CL-VaPUC
008 070124e19160000VE |||||||||||||||||spa|d
082 0 4 |a 923  |b BOL  |2 21 
100 0 |a Sánchez, Manuel Segundo  |e author  |9 507570 
245 1 0 |a Apuntes para la iconografía del Libertador 
250 |a 1a. ed 
300 |a 66 p 
942 |c BK 
945 |d 20070124 00:00:00  |a rinostro 
260 |a Caracas  |b Litografía del Comercio  |c 1916 
500 |a 29 láminas 
600 0 |a Bolívar, Simón   |d 1783-1830  |9 265422 
650 0 |a Iconografía   |9 267998 
650 7 |a LITOGRAFIA  |2 CL-VaPUC  |9 266187 
650 0 |a Grabados  |9 310822 
650 0 |a Numismática  |9 318332 
651 0 |a Venezuela  |9 254993 
651 0 |a Colombia  |9 256424 
651 0 |a Ecuador  |9 258378 
651 0 |a Perú  |9 256567 
651 0 |a Bolivia  |9 255454 
583 |a last modification  |c 20070124 00:00:00  |k Rodrigo Vera 
999 |c 320376  |d 320374 
952 |0 0  |1 0  |4 0  |6 923_000000000000000_BOL_1916  |7 0  |8 X  |9 398885  |a FDOBUD  |b FDOBUD  |d 2019-11-22  |i 1015842  |o 923 BOL 1916  |p 1015842  |r 2019-11-22  |w 2019-11-22  |y BK_X  |k BUD